مكتبة جامعة عجلون الوطنية

فهرس بحث المكتبة

Normal view MARC view
  • القانون الدولي - حماية الانهار - العراق

Entry Topical Term

Number of records used in: 1

001 - CONTROL NUMBER

  • control field: 59748

003 - CONTROL NUMBER IDENTIFIER

  • control field: JO-AjAnu

005 - DATE AND TIME OF LATEST TRANSACTION

  • control field: 20230606083752.0

008 - FIXED-LENGTH DATA ELEMENTS

  • fixed length control field: 230606|| aca||aabn | a|a d

040 ## - CATALOGING SOURCE

  • Original cataloging agency: JO-AjAnu
  • Transcribing agency: JO-AjAnu

150 ## - HEADING--TOPICAL TERM

  • Topical term or geographic name entry element: القانون الدولي - حماية الانهار - العراق

670 ## - SOURCE DATA FOUND

  • Source citation: Work cat.: (JO-AjAnu)30470: اعداد: العاني، عمر عبدالكريم؛ اشراف: طلال ياسين العيسى , author 59747, الآليات القانونية الدولية لحماية الانهار المشتركة "العراق نموذجا" = International Legal Mechanisms for the Protection of Common Rivers"Iraq is A model"